IFM Opac

Mao tse-tung (Record no. 16763)

MARC details
000 -LEADER
fixed length control field 00294nam a22001337a 4500
020 ## - INTERNATIONAL STANDARD BOOK NUMBER
International Standard Book Number 0312513992
082 ## - DEWEY DECIMAL CLASSIFICATION NUMBER
Classification number 951.05 092 4 PUR
100 ## - MAIN ENTRY--PERSONAL NAME
Personal name PURCELL,h
245 ## - TITLE STATEMENT
Title Mao tse-tung
260 ## - PUBLICATION, DISTRIBUTION, ETC.
Place of publication, distribution, etc. new york
Name of publisher, distributor, etc. wayland
Date of publication, distribution, etc. 1977
300 ## - PHYSICAL DESCRIPTION
Extent 95p.
Other physical details ill.; 20cm.
500 ## - GENERAL NOTE
General note include index.
942 ## - ADDED ENTRY ELEMENTS (KOHA)
Koha item type Books
Holdings
Withdrawn status Lost status Source of classification or shelving scheme Damaged status Not for loan Home library Current library Shelving location Date acquired Full call number Date last seen Price effective from Koha item type
    Dewey Decimal Classification     IFM Main Campus Library IFM Main Campus Library   10/04/2016 951.05 092 4 PUR 10/04/2016 10/04/2016 Books